000 00470nam a2200205Ia 4500
008 240509s9999 xx 000 0 und d
020 _a0000138546053
041 _aEng
082 _a004.22
082 _bT15
100 _aTANENBAUM A.S.:
245 0 _aSTRUCTURED COMPUTER ORGANIZATION
250 _a2nd ed.
260 _bNEWJERSEY : PRINTICE HALL
260 _c1984
300 _a645 p.
650 _aCOMPUTER ARCHITECTURE
942 _2ddc
942 _cLBK
999 _c22616
_d22616
945 _a1
_bMadushi Gamage
_c1
_dMadushi Gamage